000
00238nam a2200121Ia 4500
100
_a
Garg H.P
942
_c
BK
654
_a
Fortran
245
_a
Fortran IV & Engg. Application
260
_b
none
082
_a
1.642
546
_a
ENGLISH
999
_c
34629
_d
34629